Francisco Pizarro / (Record no. 3579)

MARC details
000 -LEADER
fixed length control field 01124cam a2200313 a 4500
005 - DATE AND TIME OF LATEST TRANSACTION
control field 20240321115731.0
020 ## - INTERNATIONAL STANDARD BOOK NUMBER
International Standard Book Number 9781589522978
040 ## - CATALOGING SOURCE
Original cataloging agency DLC
Transcribing agency DLC
Modifying agency DLC
Language of cataloging eng
050 00 - LIBRARY OF CONGRESS CALL NUMBER
Classification number F3442.P776
Item number 2003
082 00 - DEWEY DECIMAL CLASSIFICATION NUMBER
Classification number 985.02
100 1# - MAIN ENTRY--PERSONAL NAME
Personal name Kline, Trish
245 10 - TITLE STATEMENT
Title Francisco Pizarro /
Statement of responsibility, etc. Trish Kline
260 ## - PUBLICATION, DISTRIBUTION, ETC.
Place of publication, distribution, etc. Vero Beach,Florida :
Name of publisher, distributor, etc. Rourke Publishing LLC ,
Date of publication, distribution, etc. 2003
300 ## - PHYSICAL DESCRIPTION
Extent 24 pages :
Other physical details color illustrations, maps ;
Dimensions 20 cm .
490 ## - SERIES STATEMENT
Series statement Discover the life of an explorer
505 ## - FORMATTED CONTENTS NOTE
Formatted contents note M <br/><br/>
520 ## - SUMMARY, ETC.
Summary, etc. Introduces the life of Francisco Pizarro, the explorer who was sent to Peru by the king of Spain to conquer the Incas and claim their land and wealth for the Spanish crown.
521 ## - TARGET AUDIENCE NOTE
Target audience note 550 <br/>
Source Lexile <br/>
521 ## - TARGET AUDIENCE NOTE
Target audience note M <br/>
Source Raz-Plus <br/>
650 #0 - SUBJECT ADDED ENTRY--TOPICAL TERM
Topical term or geographic name entry element Incas
Form subdivision Juvenile literature.
650 #0 - SUBJECT ADDED ENTRY--TOPICAL TERM
Topical term or geographic name entry element Explorers
Geographic subdivision South America
Form subdivision Biography
-- Juvenile literature.
650 #0 - SUBJECT ADDED ENTRY--TOPICAL TERM
Topical term or geographic name entry element Explorers
Geographic subdivision Spain
Form subdivision Biography
-- Juvenile literature.
650 #1 - SUBJECT ADDED ENTRY--TOPICAL TERM
Topical term or geographic name entry element Incas.
650 #1 - SUBJECT ADDED ENTRY--TOPICAL TERM
Topical term or geographic name entry element Indians of South America.
650 #1 - SUBJECT ADDED ENTRY--TOPICAL TERM
Topical term or geographic name entry element Explorers.
906 ## - LOCAL DATA ELEMENT F, LDF (RLIN)
a 7
b cbc
c orignew
d 1
e ocip
f 20
g y-gencatlg
942 ## - ADDED ENTRY ELEMENTS (KOHA)
Source of classification or shelving scheme Dewey Decimal Classification
Koha item type Books
Suppress in OPAC No
999 ## -
-- 3579
-- 3579
Holdings
Withdrawn status Lost status Source of classification or shelving scheme Damaged status Not for loan Collection Home library Current library Shelving location Date acquired Total Checkouts Full call number Barcode Date last seen Price effective from Koha item type
    Dewey Decimal Classification     Non-Fiction Footprints International School Library Network Toul Kork Campus Footprints International School Library Network Toul Kork Campus   03/21/2024   KLI 985.02 F3442.P776 FIS03058 04/10/2025 03/21/2024 Books